Statystyki dla Herby i godła Azji

Kliknij tutaj aby rozwiązać quiz!

Ogólne statystyki

  • Ten quiz został rozwiązany 41 razy
  • Średni wynik to 34 z 48

Statystyki odpowiedzi

Odpowiedź% Poprawnych
Filipiny
96%
Liban
96%
Malediwy
96%
Tajwan
92%
Timor Wschodni
92%
Katar
88%
Singapur
88%
Turcja
88%
Turkmenistan
88%
Irak
84%
Korea Północna
84%
Mjanma
84%
Bahrajn
80%
Brunei
80%
Indie
80%
Jemen
80%
Kazachstan
80%
Mongolia
80%
Nepal
80%
Sri Lanka
80%
Uzbekistan
80%
Pakistan
76%
Syria
76%
Tadżykistan
76%
Zjednoczone Emiraty Arabskie
76%
Chiny
72%
Korea Południowa
72%
Kuwejt
72%
Japonia
68%
Jordania
68%
Tajlandia
64%
Wietnam
64%
Gruzja
60%
Kirgistan
60%
Iran
56%
Izrael
56%
Arabia Saudyjska
52%
Azerbejdżan
52%
Bhutan
52%
Indonezja
52%
Malezja
52%
Oman
52%
Palestyna
52%
Cypr
44%
Kambodża
44%
Laos
44%
Armenia
40%
Bangladesz
36%

Rozkład punktacji

Percentyl według liczby udzielonych odpowiedzi

Procent ludzi z każdym wynikiem

Twoja historia wyników

Nie rozwiązałeś tego quizu